| 000 | 00610nam a2200241Ia 4500 | ||
|---|---|---|---|
| 008 | 160404s9999 xx 000 0 und d | ||
| 020 | _a971-08-5514-X | ||
| 050 | _aFIL HF 5438.25 | ||
| 050 | _b.A73 1993 c.2 | ||
| 100 | _aArante, Lilia B. | ||
| 245 | _aSalesmanship / | ||
| 245 | _cLilia B. Arante, Julita R. Gomez. | ||
| 250 | _aRevised Edition | ||
| 260 | _aMandaluyong: | ||
| 260 | _bNational Book Store., | ||
| 260 | _c1993 | ||
| 300 | _a213 pages : | ||
| 300 | _billustrations ; | ||
| 300 | _c22 cm. | ||
| 500 | _aIncludes index. | ||
| 650 | _aSelling. | ||
| 650 | _xSales management. | ||
| 999 |
_c293334 _d293334 |
||